000
00326pab a2200145 454500
008
180718b2005 xxu||||| |||| 00| 0 eng d
100
_a
Verghese, B.G.
245
_a
The Indus water treaty (IWT)
260
_c
2005
300
_a
p.428-37.
362
_a
Jul-Sep
650
_a
Water
773
_a
USI Journal
909
_a
67590
999
_c
67590
_d
67590